[Event "Senior-DM 65+ 2023"]
[Site "Aalborg"]
[Date "2023.02.21"]
[Round "3"]
[White "Bohnstedt, Michael"]
[Black "Nielsen, Bent K"]
[Result "0-1"]
[WhiteElo "1470"]
[BlackElo "1304"]
[PlyCount "119"]
[EventDate "2023.02.19"]
[EventType "swiss"]
[EventRounds "7"]
[EventCountry "DEN"]
[SourceTitle "Live v Hans Engen"]

1. e4 c5 2. Nf3 d6 3. c3 Nf6 4. Be2 Nc6 5. d3 Qc7 6. Bf4 Nh5 7. Be3 Nf6 8. Nbd2
e6 9. O-O Be7 10. d4 b6 11. Qc2 Bb7 12. Rad1 O-O 13. Nb3 Rad8 14. d5 exd5 15.
exd5 Ne5 16. c4 b5 17. Nxe5 dxe5 18. cxb5 Bxd5 19. Bxc5 Bxb3 20. Qxb3 Qxc5 21.
Rc1 Qb4 22. Qe3 Qd4 23. Qb3 Rc8 24. Rcd1 Qb6 25. a4 Bc5 26. Qf3 e4 27. Qh3 Rcd8
28. Rde1 Nd5 29. Bd1 Rde8 30. Bc2 Nf6 31. Re2 Re5 32. Kh1 h5 33. f3 Qe6 34. Qg3
Re8 35. f4 Rd5 36. Bb3 Bd6 37. Bxd5 Nxd5 38. Qh4 Qg4 39. Qe1 Nxf4 40. h3 Qg5
41. Qd2 Qe5 42. Re3 Nd5 43. g3 Nxe3 44. Qxe3 Qxg3 45. Qxg3 Bxg3 46. Kg2 h4 47.
Rd1 Kf8 48. Kf1 f5 49. a5 e3 50. Ke2 Bb8 51. Rd5 g6 52. a6 f4 53. Rd3 g5 54.
Rb3 Re6 55. Rd3 Ke7 56. Rc3 Kd7 57. Rc5 f3+ 58. Kxf3 e2 59. Rd5+ Ke7 60. b6 0-1

[Event "Senior-DM 65+ 2023"]
[Site "Aalborg"]
[Date "2023.02.22"]
[Round "4"]
[White "Mikkelsen, Peter Jorgen Dam"]
[Black "Andreasen, Per Naesby"]
[Result "0-1"]
[WhiteElo "2101"]
[BlackElo "2229"]
[PlyCount "108"]
[EventDate "2023.02.19"]
[EventType "swiss"]
[EventRounds "7"]
[EventCountry "DEN"]
[SourceTitle "Live v Hans Engen"]

1. c4 e5 2. g3 Nf6 3. Bg2 c6 4. d3 d5 5. Nc3 d4 6. Nb1 c5 7. Nf3 Nc6 8. O-O Bd6
9. Bg5 h6 10. Bxf6 Qxf6 11. Nbd2 O-O 12. Ne4 Qe7 13. Nxd6 Qxd6 14. Nd2 f5 15.
a3 a5 16. Qc2 Bd7 17. Rad1 Rae8 18. e3 Kh8 19. Nb3 f4 20. exf4 exf4 21. Nd2 Ne5
22. Ne4 Qe7 23. f3 Bc6 24. Rde1 b6 25. Qd2 g5 26. g4 a4 27. Rf2 Kg7 28. h3 Qc7
29. Qc2 Re6 30. Rfe2 Rfe8 31. Kf1 Ng6 32. Qd1 Bxe4 33. Rxe4 Rxe4 34. dxe4 Qc6
35. Kf2 Ne5 36. Bf1 d3 37. Qd2 Rd8 38. Qc3 Rd4 39. Rd1 Nxf3 40. Rxd3 Ne5 41.
Rxd4 cxd4 42. Qxd4 Qc5 43. Qxc5 bxc5 44. Be2 Kf6 45. Ke1 Ke7 46. Kd2 Kd6 47.
Kc3 f3 48. Bf1 Nc6 49. b3 axb3 50. Kxb3 Ke5 51. Kc3 Kxe4 52. Kd2 Kd4 53. Ke1
Ke3 54. a4 Na5 0-1

[Event "Senior-DM 65+ 2023"]
[Site "Aalborg"]
[Date "2023.02.22"]
[Round "4"]
[White "Pedersen, Karsten Nymann"]
[Black "Kolbak, Jens"]
[Result "1-0"]
[WhiteElo "2057"]
[BlackElo "2134"]
[PlyCount "47"]
[EventDate "2023.02.19"]
[EventType "swiss"]
[EventRounds "7"]
[EventCountry "DEN"]
[SourceTitle "Live v Hans Engen"]

1. d4 d5 2. g3 c5 3. Nf3 e6 4. Bg2 Nf6 5. O-O Nc6 6. c4 Be7 7. Bf4 O-O 8. Nc3
dxc4 9. dxc5 Bxc5 10. Qa4 Bd7 11. Qxc4 Qe7 12. Na4 Bd6 13. Bxd6 Qxd6 14. Nc3
Rfd8 15. Rfd1 Qe7 16. Qh4 Rac8 17. Ng5 h6 18. Nge4 Nxe4 19. Qxe7 Nxe7 20. Nxe4
Bb5 21. Nd6 Bxe2 22. Nxc8 Bxd1 23. Nxe7+ Kf8 24. Nd5 1-0

[Event "Senior-DM 65+ 2023"]
[Site "Aalborg"]
[Date "2023.02.22"]
[Round "4"]
[White "Ortoft, Kai"]
[Black "Olesen, Poul Erik Norgaard"]
[Result "1/2-1/2"]
[WhiteElo "1923"]
[BlackElo "1981"]
[PlyCount "31"]
[EventDate "2023.02.19"]
[EventType "swiss"]
[EventRounds "7"]
[EventCountry "DEN"]
[SourceTitle "Live v Hans Engen"]

1. d4 g6 2. Nf3 Bg7 3. e4 d6 4. Bc4 Nf6 5. Qe2 d5 6. exd5 Nxd5 7. c3 c6 8. O-O
O-O 9. Ne5 Nd7 10. f4 N7f6 11. Bd3 e6 12. Nd2 Qc7 13. Ndf3 c5 14. Bd2 Rd8 15.
Rac1 cxd4 16. cxd4 1/2-1/2

[Event "Senior-DM 65+ 2023"]
[Site "Aalborg"]
[Date "2023.02.22"]
[Round "4"]
[White "Johnsen, Oystein"]
[Black "Thuesen, Mogens Henrik"]
[Result "0-1"]
[WhiteElo "1918"]
[BlackElo "2137"]
[PlyCount "78"]
[EventDate "2023.02.19"]
[EventType "swiss"]
[EventRounds "7"]
[EventCountry "DEN"]
[SourceTitle "Live v Hans Engen"]

1. d4 d5 2. Bf4 c5 3. e3 cxd4 4. exd4 Nc6 5. c3 Bf5 6. Nf3 f6 7. Nh4 Be6 8. Nf3
g5 9. Be3 Nh6 10. Bd3 Qd7 11. Na3 Bf5 12. Nc2 e6 13. Qe2 Bxd3 14. Qxd3 Nf5 15.
O-O-O O-O-O 16. h3 h5 17. Kb1 Bd6 18. Bc1 g4 19. hxg4 hxg4 20. Nd2 Qf7 21. Nb3
Rh5 22. Ne3 Nxe3 23. Bxe3 Rdh8 24. Rxh5 Qxh5 25. g3 Qh7 26. Qxh7 Rxh7 27. Nc1
Kd7 28. Ne2 Rh2 29. b4 Ne7 30. Rf1 Nf5 31. Bf4 e5 32. dxe5 fxe5 33. Bg5 Bc7 34.
Nc1 e4 35. Ne2 Kc6 36. Nf4 Bxf4 37. Bxf4 Kb5 38. Bb8 a6 39. Ba7 Kc4 0-1

[Event "Senior-DM 65+ 2023"]
[Site "Aalborg"]
[Date "2023.02.22"]
[Round "4"]
[White "Madsen, Svend Aage"]
[Black "Meldgaard, Frode"]
[Result "1/2-1/2"]
[WhiteElo "2030"]
[BlackElo "1804"]
[PlyCount "136"]
[EventDate "2023.02.19"]
[EventType "swiss"]
[EventRounds "7"]
[EventCountry "DEN"]
[SourceTitle "Live v Hans Engen"]

1. e4 e5 2. Nf3 Nc6 3. Bb5 d6 4. d4 Bd7 5. O-O Nxd4 6. Nxd4 exd4 7. Bxd7+ Qxd7
8. Qxd4 f6 9. Nc3 Ne7 10. Bf4 Nc6 11. Qd2 g5 12. Be3 Bg7 13. Rfe1 O-O-O 14. Nd5
h5 15. Bd4 Rdf8 16. Ne3 g4 17. Nf5 Kb8 18. a4 h4 19. a5 a6 20. Ra3 h3 21. g3
Ne5 22. Bxe5 fxe5 23. Rb3 Rf7 24. Qd5 c6 25. Qxd6+ Qxd6 26. Nxd6 Rd7 27. Rd3
Bf8 28. Nc4 Rxd3 29. cxd3 Bb4 30. Rd1 Re8 31. Kf1 Bc5 32. Ke2 Bd4 33. Rf1 Rf8
34. f3 gxf3+ 35. Rxf3 Rg8 36. Rf1 Rg7 37. b4 Kc7 38. Ne3 Bc3 39. Rb1 b6 40. Rb3
Ba1 41. Nf5 Rd7 42. g4 Bd4 43. Kf3 c5 44. Nxd4 Rxd4 45. axb6+ Kxb6 46. bxc5+
Kxc5 47. Kg3 a5 48. Kxh3 a4 49. Ra3 Kb4 50. Ra1 Rxd3+ 51. Kh4 a3 52. Kg5 Rh3
53. Kf5 Rxh2 54. Kxe5 Kb3 55. g5 Rg2 56. Kf6 Rf2+ 57. Ke6 Rg2 58. Kf6 Rf2+ 59.
Ke6 Rg2 60. Kf6 Kb2 61. Rf1 a2 62. g6 a1=Q 63. Rxa1 Kxa1 64. g7 Rf2+ 65. Ke7
Rg2 66. Kf7 Rf2+ 67. Kg6 Rg2+ 68. Kf7 Rf2+ 1/2-1/2

[Event "Senior-DM 65+ 2023"]
[Site "Aalborg"]
[Date "2023.02.22"]
[Round "4"]
[White "Svane, Henrik"]
[Black "Gregor, Jan"]
[Result "1-0"]
[WhiteElo "2014"]
[BlackElo "1687"]
[PlyCount "81"]
[EventDate "2023.02.19"]
[EventType "swiss"]
[EventRounds "7"]
[EventCountry "DEN"]
[SourceTitle "Live v Hans Engen"]

1. d4 Nf6 2. c4 e6 3. Nc3 Bb4 4. f3 c5 5. d5 d6 6. e4 O-O 7. Bd3 exd5 8. cxd5
Nbd7 9. Nge2 Ne5 10. Bc2 b5 11. O-O a6 12. Kh1 Nh5 13. Nf4 Qh4 14. Nxh5 Qxh5
15. Ne2 f5 16. Ng3 Qf7 17. Nxf5 Bxf5 18. exf5 Rae8 19. Be4 Qf6 20. Qc2 c4 21.
Be3 Rc8 22. a4 Bc5 23. Bxc5 Rxc5 24. axb5 axb5 25. g4 Rfc8 26. Qg2 Nd3 27. Rab1
b4 28. Qd2 Qd4 29. Rbd1 Qe5 30. Bxd3 cxd3 31. Qxd3 Rc2 32. Rd2 Rxb2 33. Rxb2
Qxb2 34. Qe4 Qc3 35. Qe6+ Kh8 36. g5 b3 37. f6 b2 38. f7 Qxf3+ 39. Rxf3 b1=Q+
40. Kg2 Qb8 41. Qxc8+ 1-0

[Event "Senior-DM 65+ 2023"]
[Site "Aalborg"]
[Date "2023.02.22"]
[Round "4"]
[White "Munk, Kai S"]
[Black "Christiansen, Arne"]
[Result "1/2-1/2"]
[WhiteElo "1929"]
[BlackElo "1957"]
[PlyCount "104"]
[EventDate "2023.02.19"]
[EventType "swiss"]
[EventRounds "7"]
[EventCountry "DEN"]
[SourceTitle "Live v Hans Engen"]

1. d4 Nf6 2. c4 g6 3. Nc3 Bg7 4. Nf3 O-O 5. Bg5 d6 6. e3 c6 7. Be2 Nbd7 8. Qc2
Qc7 9. O-O Re8 10. Rac1 e5 11. Rfd1 Nf8 12. d5 Bf5 13. e4 Bg4 14. dxc6 bxc6 15.
Ne1 Bxe2 16. Qxe2 Ne6 17. Be3 Rad8 18. f3 c5 19. Qd2 Qb7 20. Nd3 Nd4 21. Rb1
Qa6 22. b3 Rd7 23. Rb2 h5 24. Rdb1 Rc8 25. Nf2 Re8 26. Nfd1 Qc8 27. Qf2 Rb7 28.
h3 Qe6 29. g4 a6 30. Qg2 Rc8 31. Bd2 Rd7 32. Ne3 Rb7 33. Ncd5 hxg4 34. hxg4
Nxd5 35. Nxd5 Re8 36. Be3 Nc6 37. Qh3 f6 38. Rh2 Kf7 39. Rbb2 Rh8 40. Qg3 Rbb8
41. Rxh8 Rxh8 42. Rh2 Qe8 43. Rh3 Nd4 44. Kf2 a5 45. Qh2 Rxh3 46. Qxh3 Kg8 47.
Bh6 a4 48. g5 fxg5 49. Bxg5 axb3 50. axb3 Kf7 51. Be7 Nxb3 52. Bxd6 Qe6 1/2-1/2

[Event "Senior-DM 65+ 2023"]
[Site "Aalborg"]
[Date "2023.02.22"]
[Round "4"]
[White "Falberg, Hugo"]
[Black "Poulsen, Knud"]
[Result "1/2-1/2"]
[WhiteElo "1902"]
[BlackElo "1699"]
[PlyCount "63"]
[EventDate "2023.02.19"]
[EventType "swiss"]
[EventRounds "7"]
[EventCountry "DEN"]
[SourceTitle "Live v Hans Engen"]

1. f4 d5 2. Nf3 g6 3. e3 Bg7 4. Be2 Nc6 5. O-O Bg4 6. c3 Bxf3 7. Bxf3 e6 8. d3
h5 9. e4 d4 10. c4 Nge7 11. Bd2 Qd7 12. b4 Nd8 13. Be1 f6 14. Nd2 Nf7 15. Nb3
b6 16. e5 Rb8 17. exf6 Bxf6 18. Bf2 Nf5 19. b5 O-O 20. Bc6 Qd6 21. Qf3 e5 22.
Be4 N7h6 23. g3 Kg7 24. Kh1 exf4 25. gxf4 Kh7 26. h3 Rbd8 27. Rg1 Rd7 28. Rg2
Rg7 29. Rag1 Rfg8 30. Nd2 Qd8 31. Nf1 Bh4 32. Bd5 1/2-1/2

[Event "Senior-DM 65+ 2023"]
[Site "Aalborg"]
[Date "2023.02.22"]
[Round "4"]
[White "Mortensen, Steen Juul"]
[Black "Christiansen, Jens Jorgen"]
[Result "1/2-1/2"]
[WhiteElo "1884"]
[BlackElo "2095"]
[PlyCount "30"]
[EventDate "2023.02.19"]
[EventType "swiss"]
[EventRounds "7"]
[EventCountry "DEN"]
[SourceTitle "Live v Hans Engen"]

1. d4 d5 2. c4 c6 3. Nf3 Nf6 4. Nc3 dxc4 5. a4 Na6 6. e4 Bg4 7. Bxc4 e6 8. Be3
Nb4 9. O-O Be7 10. Be2 a5 11. Ne5 Bxe2 12. Qxe2 O-O 13. Rfd1 Nd7 14. Nc4 Qc7
15. Rac1 Rac8 1/2-1/2

[Event "Senior-DM 65+ 2023"]
[Site "Aalborg"]
[Date "2023.02.22"]
[Round "4"]
[White "Petersen, Jan"]
[Black "Andersen, Lars Christoff"]
[Result "0-1"]
[WhiteElo "1641"]
[BlackElo "2009"]
[PlyCount "44"]
[EventDate "2023.02.19"]
[EventType "swiss"]
[EventRounds "7"]
[EventCountry "DEN"]
[SourceTitle "Live v Hans Engen"]

1. d4 Nf6 2. c4 e5 3. e3 exd4 4. Qxd4 Nc6 5. Qd1 d5 6. cxd5 Qxd5 7. Qxd5 Nxd5
8. a3 Be7 9. Nf3 Bf6 10. Bb5 O-O 11. Bxc6 bxc6 12. O-O Rb8 13. Nd4 Bd7 14. b4
a5 15. Bd2 axb4 16. axb4 Nxb4 17. Bxb4 Rxb4 18. Ra5 Be7 19. Nd2 c5 20. Nc2 Rb2
21. Rc1 Bf5 22. e4 Rd8 0-1

[Event "Senior-DM 65+ 2023"]
[Site "Aalborg"]
[Date "2023.02.22"]
[Round "4"]
[White "Bjornes, Leif"]
[Black "Pilgaard, Johannes"]
[Result "1-0"]
[WhiteElo "1811"]
[BlackElo "1664"]
[PlyCount "38"]
[EventDate "2023.02.19"]
[EventType "swiss"]
[EventRounds "7"]
[EventCountry "DEN"]
[SourceTitle "Live v Hans Engen"]

1. d4 Nf6 2. c4 c5 3. d5 b5 4. cxb5 a6 5. f3 axb5 6. e4 e5 7. Bxb5 Qb6 8. Nc3
Be7 9. Nge2 Ba6 10. a4 c4 11. b3 cxb3 12. Qxb3 O-O 13. Ba3 Bc5 14. Bxc5 Qxc5
15. Rc1 Rc8 16. Nd1 Qb6 17. Rxc8+ Bxc8 18. Qe3 Qa5+ 19. Qc3 Qb6 1-0

[Event "Senior-DM 65+ 2023"]
[Site "Aalborg"]
[Date "2023.02.22"]
[Round "4"]
[White "Andersson, Finn"]
[Black "Skovgaard, Tom"]
[Result "0-1"]
[WhiteElo "1701"]
[BlackElo "1982"]
[PlyCount "56"]
[EventDate "2023.02.19"]
[EventType "swiss"]
[EventRounds "7"]
[EventCountry "DEN"]
[SourceTitle "Live v Hans Engen"]

1. e4 Nf6 2. Nc3 d5 3. e5 d4 4. exf6 dxc3 5. fxg7 cxd2+ 6. Qxd2 Qxd2+ 7. Bxd2
Bxg7 8. O-O-O Be6 9. Kb1 Nd7 10. Ne2 O-O-O 11. Bc3 Nf6 12. Re1 Rhg8 13. Ng3 Ng4
14. Be2 Bxc3 15. bxc3 Nf6 16. Rd1 Rd6 17. Rxd6 cxd6 18. Bf3 Rg5 19. Be2 Ra5 20.
c4 Rc5 21. Re1 Kd7 22. f4 Bxc4 23. Bd1 Rb5+ 24. Ka1 Ra5 25. Kb2 Bxa2 26. Be2
Bd5 27. Nf5 Bxg2 28. Nxe7 Be4 0-1

[Event "Senior-DM 65+ 2023"]
[Site "Aalborg"]
[Date "2023.02.22"]
[Round "4"]
[White "Nielsen, Christian Volmer"]
[Black "Gottschalck, Christian"]
[Result "1-0"]
[WhiteElo "1979"]
[BlackElo "1691"]
[PlyCount "75"]
[EventDate "2023.02.19"]
[EventType "swiss"]
[EventRounds "7"]
[EventCountry "DEN"]
[SourceTitle "Live v Hans Engen"]

1. e4 e6 2. d4 d5 3. e5 c5 4. c3 Qb6 5. Nf3 Bd7 6. a3 cxd4 7. cxd4 Bb5 8. Bxb5+
Qxb5 9. Nc3 Qa6 10. Be3 Nd7 11. b4 b5 12. O-O Rc8 13. Qb3 Qb7 14. Rfc1 a6 15.
Ne1 Ne7 16. Nd3 Nc6 17. Nc5 Bxc5 18. bxc5 Ndxe5 19. dxe5 d4 20. Ne4 O-O 21. Nd6
Qc7 22. Bf4 Rb8 23. h4 Rfd8 24. Qg3 Kh8 25. h5 h6 26. Qf3 Rf8 27. Qe4 Na5 28.
Rab1 Nc6 29. g4 f5 30. exf6 e5 31. Bxe5 Nxe5 32. Qxe5 Rxf6 33. Qxd4 Rbf8 34.
Nf5 Qb7 35. c6 Qc7 36. Qd7 R6f7 37. Qxc7 Rxc7 38. a4 1-0

[Event "Senior-DM 65+ 2023"]
[Site "Aalborg"]
[Date "2023.02.22"]
[Round "4"]
[White "Fjordside, Arne Dan"]
[Black "Christensen, Claus"]
[Result "1/2-1/2"]
[WhiteElo "1829"]
[BlackElo "1536"]
[PlyCount "169"]
[EventDate "2023.02.19"]
[EventType "swiss"]
[EventRounds "7"]
[EventCountry "DEN"]
[SourceTitle "Live v Hans Engen"]

1. d4 d5 2. Bf4 e6 3. e3 Bd6 4. Bg3 Nf6 5. Bd3 Nc6 6. c3 a6 7. Nd2 b5 8. Ngf3
Bb7 9. Qe2 Ne7 10. Ne5 O-O 11. a3 c5 12. O-O c4 13. Bc2 Ne4 14. Bh4 Qc7 15. f4
f6 16. Nef3 Ng6 17. Be1 Rae8 18. Nxe4 dxe4 19. Nd2 f5 20. Kh1 Bc6 21. Bg3 Be7
22. h3 Qd7 23. Qh5 Nh8 24. Bh2 g6 25. Qe2 Nf7 26. Rg1 Nd8 27. g4 Kh8 28. Bg3
Rg8 29. g5 Bd6 30. Kg2 Kg7 31. Rh1 Rh8 32. Rhd1 Nf7 33. h4 Qc7 34. Rh1 Qd7 35.
Rhc1 Rc8 36. Kg1 Bd5 37. Be1 Qb7 38. Nf1 Be7 39. Bg3 Nd6 40. Nd2 Kf7 41. Kg2
Qc6 42. Rh1 Rcg8 43. Rh2 Qc8 44. Rah1 Qf8 45. h5 Bd8 46. Be1 Ke8 47. Kf1 Bc7
48. Rh3 Qg7 49. Qh2 Nf7 50. Bg3 Kd7 51. Qe2 Nd6 52. Qh2 Nf7 53. a4 Ra8 54. Qe2
Nd6 55. hxg6 hxg6 56. Rh6 Nf7 57. Rxh8 Rxh8 58. Rxh8 Qxh8 59. Kg2 Nd6 60. Qd1
Qb8 61. axb5 axb5 62. Qh1 Qg8 63. Qa1 Qa8 64. Qh1 Qg8 65. Be1 Nf7 66. b3 Nd6
67. Qf1 Qb8 68. Qh1 Qg8 69. bxc4 Nxc4 70. Nxc4 Bxc4 71. Bd2 Kc6 72. Qb1 Qh8 73.
Bd1 Qa8 74. Bb3 Qa3 75. Bd1 Qa2 76. Bc2 Qxb1 77. Bxb1 Bb3 78. Bc1 Bd6 79. Kf2
Kd5 80. Ke2 Kc4 81. Kd2 b4 82. Bb2 Be7 83. Ba1 Bd6 84. Bb2 Be7 85. Ba1 1/2-1/2

[Event "Senior-DM 65+ 2023"]
[Site "Aalborg"]
[Date "2023.02.22"]
[Round "4"]
[White "Nielsen, Bent K"]
[Black "Matras, Ove"]
[Result "0-1"]
[WhiteElo "1304"]
[BlackElo "1787"]
[PlyCount "28"]
[EventDate "2023.02.19"]
[EventType "swiss"]
[EventRounds "7"]
[EventCountry "DEN"]
[SourceTitle "Live v Hans Engen"]

1. b3 c6 2. Bb2 d5 3. e3 Nd7 4. Nf3 Qc7 5. d4 f6 6. c4 e5 7. cxd5 Bb4+ 8. Nfd2
cxd5 9. a3 Bd6 10. e4 exd4 11. g3 Ne5 12. Nf3 Bg4 13. Bg2 dxe4 14. Nbd2 Nd3+
0-1

[Event "Senior-DM 65+ 2023"]
[Site "Aalborg"]
[Date "2023.02.22"]
[Round "4"]
[White "Jorgensen, Orla Eilegaard"]
[Black "Christensen, Verner"]
[Result "0-1"]
[WhiteElo "1482"]
[BlackElo "1824"]
[PlyCount "36"]
[EventDate "2023.02.19"]
[EventType "swiss"]
[EventRounds "7"]
[EventCountry "DEN"]
[SourceTitle "Live v Hans Engen"]

1. e4 e5 2. f4 d5 3. exd5 e4 4. d4 Nf6 5. Nc3 Bb4 6. Bd2 Bxc3 7. bxc3 O-O 8. c4
Re8 9. Be3 c6 10. d6 Qxd6 11. c5 Qd8 12. h3 Nd5 13. Qd2 Qh4+ 14. Kd1 Qg3 15.
Ke2 b5 16. cxb6 Ba6+ 17. Kd1 Nxe3+ 18. Kc1 Nxf1 0-1

[Event "Senior-DM 65+ 2023"]
[Site "Aalborg"]
[Date "2023.02.22"]
[Round "4"]
[White "Lindhard, Lars"]
[Black "Bohnstedt, Michael"]
[Result "0-1"]
[WhiteElo "1284"]
[BlackElo "1470"]
[PlyCount "106"]
[EventDate "2023.02.19"]
[EventType "swiss"]
[EventRounds "7"]
[EventCountry "DEN"]
[SourceTitle "Live v Hans Engen"]

1. e4 c5 2. c3 Nc6 3. Nf3 e6 4. d4 cxd4 5. Nxd4 Nf6 6. Nxc6 bxc6 7. Bg5 Be7 8.
Nd2 Bb7 9. Bd3 h6 10. Bxf6 Bxf6 11. Nf3 Qc7 12. O-O O-O 13. Re1 Be5 14. Qe2 c5
15. Rad1 Rae8 16. Bc2 f6 17. Qb5 Rd8 18. Ba4 Bc6 19. Qxc5 Bxa4 20. Qe3 Bxd1 21.
Rxd1 Rf7 22. g3 Rdf8 23. Rf1 Qb6 24. Qe2 Bb8 25. Kg2 f5 26. exf5 Rxf5 27. Nh4
R5f6 28. Kg1 a5 29. Ng2 Ba7 30. Ne3 Rf3 31. Ng4 h5 32. Ne3 Rxe3 33. fxe3 Qxe3+
34. Qxe3 Bxe3+ 35. Kg2 Rxf1 36. Kxf1 Bc1 37. b4 Bd2 38. b5 Bxc3 39. Ke2 Bd4 40.
a4 Bb6 41. Kd3 d6 42. Ke4 g6 43. h4 Kf7 44. Kf3 Kf6 45. Kf4 d5 46. g4 e5+ 47.
Kf3 hxg4+ 48. Kxg4 e4 49. Kf4 e3 50. Kf3 d4 51. Ke2 Kf5 52. Kd3 Kg4 53. Ke2
Kxh4 0-1

[Event "Senior-DM 65+ 2023"]
[Site "Aalborg"]
[Date "2023.02.23"]
[Round "5"]
[White "Andreasen, Per Naesby"]
[Black "Svane, Henrik"]
[Result "1-0"]
[WhiteElo "2229"]
[BlackElo "2014"]
[PlyCount "121"]
[EventDate "2023.02.19"]
[EventType "swiss"]
[EventRounds "7"]
[EventCountry "DEN"]
[SourceTitle "Live v Hans Engen"]

1. Nf3 d5 2. g3 Nf6 3. Bg2 e6 4. d4 Be7 5. O-O O-O 6. c4 dxc4 7. Qa4 a6 8. Qxc4
b5 9. Qc2 Bb7 10. Bg5 Nbd7 11. Bxf6 Nxf6 12. Nbd2 Rc8 13. Nb3 Be4 14. Qc3 Nd5
15. Qd2 c5 16. Nxc5 Bxc5 17. dxc5 Rxc5 18. Rac1 Rxc1 19. Rxc1 Qa8 20. Qd4 Nf6
21. h3 h6 22. Rc7 Bb7 23. Qb6 Rb8 24. Qa5 Rc8 25. Qc3 Nd5 26. Rxc8+ Qxc8 27.
Qxc8+ Bxc8 28. Ne5 Nb6 29. f4 Kf8 30. Kf2 Ke7 31. Nd3 Kd6 32. e4 Nd7 33. e5+
Kc7 34. Ke3 Bb7 35. Bxb7 Kxb7 36. Kd4 Kb6 37. g4 g6 38. Nf2 Nb8 39. Ne4 Nc6+
40. Kc3 Ne7 41. Nf6 a5 42. Kd4 Kc6 43. Ne8 Nc8 44. Ke4 Kc5 45. f5 Kc6 46. h4
Kc5 47. fxg6 fxg6 48. Nc7 Ne7 49. Nxe6+ Kc4 50. Nd8 a4 51. Nf7 b4 52. Nd6+ Kc5
53. h5 gxh5 54. gxh5 a3 55. bxa3 bxa3 56. Nf5 Nd5 57. e6 Nf6+ 58. Ke5 Ng4+ 59.
Kf4 Nf6 60. e7 Ne8 61. Ke5 1-0

[Event "Senior-DM 65+ 2023"]
[Site "Aalborg"]
[Date "2023.02.23"]
[Round "5"]
[White "Pedersen, Karsten Nymann"]
[Black "Mikkelsen, Peter Jorgen Dam"]
[Result "0-1"]
[WhiteElo "2057"]
[BlackElo "2101"]
[PlyCount "100"]
[EventDate "2023.02.19"]
[EventType "swiss"]
[EventRounds "7"]
[EventCountry "DEN"]
[SourceTitle "Live v Hans Engen"]

1. d4 Nf6 2. g3 d5 3. Bg2 c6 4. Nf3 Bg4 5. Ne5 Bh5 6. c4 e6 7. O-O Nbd7 8. Nxd7
Qxd7 9. cxd5 exd5 10. Nc3 Be7 11. Bf4 O-O 12. Re1 Rfe8 13. h3 Bg6 14. g4 Bd6
15. Bxd6 Qxd6 16. e3 Ne4 17. f4 Nxc3 18. bxc3 Be4 19. Qd2 Re7 20. Rac1 b5 21.
Qf2 Rae8 22. Bxe4 Rxe4 23. Qf3 h6 24. Kf2 Qa3 25. Rc2 a5 26. Ree2 a4 27. Qg3
Qd6 28. Qf3 g5 29. f5 f6 30. Kf1 Qe7 31. Kf2 Kg7 32. Qg3 h5 33. Rc1 Rh8 34. Rg1
hxg4 35. hxg4 Rh4 36. Qb8 Rexg4 37. Rxg4 Rxg4 38. Qc8 Qe4 39. Ke1 Qb1+ 40. Kd2
Qxa2+ 41. Kd3 Qc4+ 42. Kd2 b4 43. Qb7+ Kh6 44. cxb4 Rh4 45. Qb8 Qa2+ 46. Kd3
Qb1+ 47. Kc3 Kh5 48. Qh8+ Kg4 49. Qxf6 Qc1+ 50. Kd3 Qd1+ 0-1

[Event "Senior-DM 65+ 2023"]
[Site "Aalborg"]
[Date "2023.02.23"]
[Round "5"]
[White "Thuesen, Mogens Henrik"]
[Black "Ortoft, Kai"]
[Result "1-0"]
[WhiteElo "2137"]
[BlackElo "1923"]
[PlyCount "107"]
[EventDate "2023.02.19"]
[EventType "swiss"]
[EventRounds "7"]
[EventCountry "DEN"]
[SourceTitle "Live v Hans Engen"]

1. d4 Nf6 2. c4 e6 3. Nc3 Bb4 4. e3 d5 5. Nf3 O-O 6. a3 Be7 7. Bd3 a5 8. O-O
Nbd7 9. b3 c5 10. Bb2 cxd4 11. exd4 b6 12. Qe2 Bb7 13. Rad1 Re8 14. Rfe1 Rc8
15. Ne5 Bd6 16. Bb1 Nf8 17. h4 Ba6 18. Bd3 dxc4 19. bxc4 Qe7 20. c5 Bxd3 21.
cxd6 Bxe2 22. dxe7 Bxd1 23. exf8=Q+ Kxf8 24. Rxd1 Red8 25. Kf1 Nd5 26. Nxd5
Rxd5 27. Ke2 b5 28. Kd3 f6 29. Ng4 b4 30. a4 Rd7 31. Ne3 h5 32. Rc1 Rxc1 33.
Bxc1 Ke7 34. Bb2 g5 35. Nc4 Rd5 36. Ne3 Rd8 37. hxg5 fxg5 38. Nc4 Rd5 39. Bc1
Kf6 40. Ke4 h4 41. f4 gxf4 42. Bxf4 b3 43. Kd3 h3 44. Be5+ Kg5 45. gxh3 Kh4 46.
Kc3 b2 47. Kxb2 Rd7 48. Kc3 Kxh3 49. Nxa5 Kg4 50. Nb3 Kf5 51. Kc4 Rd8 52. Nc5
Rg8 53. Kb5 Rg1 54. a5 1-0

[Event "Senior-DM 65+ 2023"]
[Site "Aalborg"]
[Date "2023.02.23"]
[Round "5"]
[White "Kolbak, Jens"]
[Black "Christiansen, Arne"]
[Result "1-0"]
[WhiteElo "2134"]
[BlackElo "1957"]
[PlyCount "103"]
[EventDate "2023.02.19"]
[EventType "swiss"]
[EventRounds "7"]
[EventCountry "DEN"]
[SourceTitle "Live v Hans Engen"]

1. e4 d6 2. d4 Nf6 3. Nc3 g6 4. Nf3 Bg7 5. Be2 O-O 6. O-O c6 7. h3 Nbd7 8. Bg5
Qc7 9. Qd2 b5 10. a3 Bb7 11. Rfe1 a6 12. e5 dxe5 13. dxe5 Nxe5 14. Nxe5 Qxe5
15. Bxb5 Qc5 16. Bd3 Rfe8 17. Rad1 Qd6 18. Bh6 c5 19. Bxg7 Kxg7 20. Bc4 Qc6 21.
f3 e6 22. Qd6 Rac8 23. Qe5 Qc7 24. Qxc7 Rxc7 25. Rd6 Ra8 26. Kf2 Kf8 27. Red1
Ke7 28. R6d2 Bc6 29. a4 Nd7 30. b3 Nb6 31. Bf1 Nd5 32. Ne4 Be8 33. Bc4 Nb6 34.
Nd6 Nxc4 35. Nxc4 Rb8 36. Ke3 Bc6 37. Rd6 Bd5 38. Rb6 Rbb7 39. Rxb7 Rxb7 40.
Ne5 f6 41. Nd3 c4 42. Nc5 Ra7 43. bxc4 Bxc4 44. Kd4 Bd5 45. Rb1 Bc6 46. Rb6 Bd7
47. a5 Bc8 48. Rc6 Bd7 49. Rxa6 Rxa6 50. Nxa6 Kd6 51. Nc5 Bb5 52. Ne4+ 1-0

[Event "Senior-DM 65+ 2023"]
[Site "Aalborg"]
[Date "2023.02.23"]
[Round "5"]
[White "Poulsen, Knud"]
[Black "Madsen, Svend Aage"]
[Result "1/2-1/2"]
[WhiteElo "1699"]
[BlackElo "2030"]
[PlyCount "120"]
[EventDate "2023.02.19"]
[EventType "swiss"]
[EventRounds "7"]
[EventCountry "DEN"]
[SourceTitle "Live v Hans Engen"]

1. Nf3 Nf6 2. c4 c6 3. Nc3 d5 4. cxd5 cxd5 5. e3 Nc6 6. Bb5 a6 7. Be2 Bf5 8.
Nh4 Bd7 9. d4 e6 10. Nf3 Bd6 11. a3 O-O 12. O-O Rc8 13. Bd3 Na5 14. e4 dxe4 15.
Nxe4 Be7 16. b4 Nc4 17. Nc5 Nd6 18. Re1 Bc6 19. Ne5 Nb5 20. Bb2 Bd5 21. Re3 Na7
22. Rh3 g6 23. Qb1 Kg7 24. Bc1 Ng8 25. Ng4 f5 26. Ne5 Rc7 27. Bf4 Bd6 28. Qc1
Nc6 29. Bh6+ Nxh6 30. Qxh6+ Kg8 31. Nf3 Qf6 32. Ng5 Qxd4 33. Re1 Bxc5 34. bxc5
Qg7 35. Qh4 Rd7 36. Qg3 Qf6 37. Qh4 Qg7 38. Qg3 Qf6 39. Qh4 Qe7 40. Qh6 Qg7 41.
Qh4 e5 42. Bc4 Nd4 43. Bxd5+ Rxd5 44. Nxh7 Ne2+ 45. Kf1 Nf4 46. Nxf8 Nxh3 47.
Qc4 Nf4 48. Nxg6 Qxg6 49. g3 Kh7 50. gxf4 Rd4 51. Qc3 Qc6 52. Qh3+ Kg6 53. Qg2+
Qxg2+ 54. Kxg2 Rxf4 55. Rxe5 Rc4 56. Re7 Rxc5 57. Rxb7 Ra5 58. Rb3 Ra4 59. f3
Kg5 60. Kh3 Kh5 1/2-1/2

[Event "Senior-DM 65+ 2023"]
[Site "Aalborg"]
[Date "2023.02.23"]
[Round "5"]
[White "Andersen, Lars Christoff"]
[Black "Munk, Kai S"]
[Result "1/2-1/2"]
[WhiteElo "2009"]
[BlackElo "1929"]
[PlyCount "68"]
[EventDate "2023.02.19"]
[EventType "swiss"]
[EventRounds "7"]
[EventCountry "DEN"]
[SourceTitle "Live v Hans Engen"]

1. c4 c5 2. Nc3 Nc6 3. g3 g6 4. Bg2 Bg7 5. Nf3 Nf6 6. d4 cxd4 7. Nxd4 Nxd4 8.
Qxd4 d6 9. O-O O-O 10. Qd3 Nd7 11. b3 Rb8 12. Bd2 Nc5 13. Qe3 Bd7 14. Rac1 Bc6
15. Rfd1 Bxg2 16. Kxg2 Re8 17. b4 Na6 18. a3 b6 19. Nb5 Qc8 20. Nd4 Rb7 21. Rc2
Rc7 22. Rdc1 Qg4 23. Nb5 Rb7 24. f3 Qe6 25. Qd3 Rc8 26. e4 Nc7 27. Nd4 Qd7 28.
Be3 Ne6 29. Nb5 Rc6 30. f4 Qc8 31. f5 Nf8 32. Nd4 Rcc7 33. Nb5 Rc6 34. Nd4 Rcc7
1/2-1/2